000 00732nam a2200229Ia 4500
003 GCL
008 140319s9999 xx 000 0 ara d
020 _a0441303977
040 _aGCL /
_cGCL
082 0 4 _a610.3
_bح ت
100 1 _aحسين على
245 1 0 _aالتفكير العلمى عن ابن سينا :
_bالقانون فى الطب /
_cحسين على
260 _aالقاهرة :
_bدار قباء للطباعة والنشر والتوزيع ،
_c2003
300 _a122 ص ؛
_c22 سم
650 0 4 _aالادوية
650 0 4 _aالامراض
650 0 4 _aالعلوم عند العرب
650 0 4 _aالتشريح
650 0 4 _aابن سينا
650 0 4 _aالطب - تاريخ
942 _2ddc
_cBK
999 _c5370
_d5370